Những đóng góp của Tự lực văn đoàn cho văn xuôi hiện đại Việt Nam

Vai trò của nhóm Tự lực văn đoàn trong quá trình hiện đại hoá nền văn học Việt Nam. Những đóng góp về nội dung tư tưởng và sự cách tân trong nghệ thuật văn xuôi của Tự lực văn đoàn

Enregistré dans:
Détails bibliographiques
Auteur principal: Trịnh Hồ Khoa
Format: Livre
Langue:Vietnamese
Publié: H. Văn học 1997
Sujets:
Tags: Ajouter un tag
Pas de tags, Soyez le premier à ajouter un tag!
Thư viện lưu trữ: Mạng thư viện Đại học Đà Nẵng
LEADER 01415nam a22003738a 4500
001 000014461
003 10826
005 20120502090521.0
008 120502s1997 b 000 0 od
020 |d 1000b 
041 0 |a 9711 
041 0 |a vie 
080 |a 8(V)1 
082 |a 895.922808  |b TR-K 
084 |a V5(1)5-3  |b NH556Đ 
100 1 |a Trịnh Hồ Khoa 
245 1 0 |a Những đóng góp của Tự lực văn đoàn cho văn xuôi hiện đại Việt Nam  |c Trịnh Hồ Khoa 
260 |a H.  |b Văn học  |c 1997 
300 |a 200tr  |c 19cm 
520 |a Vai trò của nhóm Tự lực văn đoàn trong quá trình hiện đại hoá nền văn học Việt Nam. Những đóng góp về nội dung tư tưởng và sự cách tân trong nghệ thuật văn xuôi của Tự lực văn đoàn 
653 |a Việt Nam 
653 |a văn học hiện đại 
653 |a Nghiên cứu văn học 
653 |a Tự lực văn đoàn 
OWN |a LSP 
AVA |a UDN50  |b LSP  |d 895.922808 TR-K  |e available  |t Error 5001 Not defined in file expand_doc_bib_avail.  |f 2  |g 0  |h N  |i 0  |k 1 
999 |a From the UDN01 
AVA |a UDN50  |b LSP  |d 895.922808 TR-K  |e available  |t Error 5001 Not defined in file expand_doc_bib_avail.  |f 2  |g 0  |h N  |i 0  |k 1 
TYP |a Monograph 
TYP |a Printed language 
980 |a Mạng thư viện Đại học Đà Nẵng